| 000 | 00498nam a22001577a 4500 | ||
|---|---|---|---|
| 003 | SGT | ||
| 020 | _a8173711135 | ||
| 082 | _a332,EIU | ||
| 100 | _aBANKERS TRUST | ||
| 245 | _aSTRATEGIC FINANCIAL RISK MANAGEMENT | ||
| 260 |
_aHYDRABAD _bUNIVERSITIES PRESS _c2000 |
||
| 300 | _a186 | ||
| 650 | _aFINANCIAL ECONOMICS | ||
| 653 | _aNEW DEFINITIONS OF FINANCIAL RISK, ORGANIZING FOR FINANCIAL RISK MANAGEMENT, FOREIGN EXCHANGE RISK: HEDGING STRATEGIES AND TACTICS FOR THE 1990S | ||
| 942 |
_2ddc _cFCM |
||
| 999 |
_c9133 _d9133 |
||